|
|
|
|
| LEADER |
00000cam a2200000 7i4500 |
| 001 |
0000184607 |
| 005 |
20140409.0 |
| 090 |
0 |
0 |
|a F
|b SKY
|
| 245 |
0 |
0 |
|a Sky and ocean [
|h digital video disc]
|
| 260 |
|
|
|a s.l. :
|b s.n. ,
|c 20-
|
| 300 |
|
|
|a 1 digital video disc (100 minutes) :
|b col
|
| 500 |
|
|
|a Library has 2 copies
|
| 520 |
0 |
|
|a Parental guidance is advisable for children below 13 years old (PG13)
|
| 650 |
0 |
0 |
|a Movies, Korean
|
| 999 |
|
|
|a AV 34359
|b DIGITAL VIDEO DISC
|c PINJAMAN
|e PERPUSTAKAAN KOMUNITI PETALING JAYA
|
| 999 |
|
|
|a AV 34360
|b DIGITAL VIDEO DISC
|c PINJAMAN
|e PERPUSTAKAAN KOMUNITI PETALING JAYA
|